| 000 | 00500nam a22001695i 4500 | ||
|---|---|---|---|
| 001 | 172015 | ||
| 003 | ES-MaACL | ||
| 005 | 20250717091902.0 | ||
| 008 | 090610s1911 fr |||| | fre d | ||
| 100 | 1 |
_aSoulié, A. _9140623 |
|
| 245 | 1 | 0 |
_aPrécis d'anatomie topographique / _cpar A. Soulié. |
| 260 |
_aParis : _bJ.B. Baillière et fils, _c1911. |
||
| 300 |
_aXV, 729 p. : _bil. ; _c20 cm. |
||
| 650 | 7 |
_aAnatomía humana _2embne _99801 |
|
| 852 |
_aES-MaACL _jB-11971 |
||
| 999 |
_c172015 _d172015 |
||